La linguística aplicada: noves perspectives - noves professions - noves orientacions

Saved in:
Bibliographic Details
Main Authors: Cabré Castellvi, María Teresa (Author), Sopeña, Luis de (Author), Verdejo, M. Felisa (Author), Quemada, Bernard (Author), Corbeil, Jean-Claude (Author), Galinski, Christian (Author), Budin, Gerhard (Author)
Other Authors: Payrató, Lluis (autor)
Format: Book
Language:Catalan
Spanish
Published: Barcelona Universitat de Barcelona 1990
Barcelona Fundacio Caixa de Pensions 1990
Series:Cicle de Conferencies, 9
Subjects:
Tags: Add Tag
No Tags, Be the first to tag this record!

MARC

LEADER 00000cam a2200000 a 4500
001 UCF6883
003 CL-VaPUC
008 130524e19900000SP |||||||||||||||||cat|d
020 |a 8478751106 
041 0 7 |a cat  |2 CL-VaPUC 
041 0 7 |a spa  |2 CL-VaPUC 
082 0 4 |a 418  |b CAB  |2 21 
100 0 |a Cabré Castellvi, María Teresa  |e author  |9 568871 
700 |a Payrató, Lluis  |e autor  |9 568872 
700 0 |a Sopeña, Luis de  |e author  |9 568873 
700 0 |a Verdejo, M. Felisa  |e author  |9 568874 
700 0 |a Quemada, Bernard  |e author  |9 568875 
700 0 |a Corbeil, Jean-Claude  |e author  |9 568876 
700 0 |a Galinski, Christian  |e author  |9 568877 
700 0 |a Budin, Gerhard  |e author  |9 568878 
245 1 3 |a La linguística aplicada: noves perspectives - noves professions - noves orientacions 
300 |a 97 p 
942 |c BK 
945 |d 20130524 00:00:00  |a dcastane 
260 |a Barcelona  |b Universitat de Barcelona  |c 1990 
260 |a Barcelona  |b Fundacio Caixa de Pensions  |c 1990 
650 0 |a Lingüística aplicada   |9 313266 
583 |a last modification  |c 20130524 08:39:00  |k Rodrigo Vera 
490 0 |a Cicle de Conferencies, 9 
999 |c 351908  |d 351906 
952 |0 0  |1 0  |4 0  |6 418_000000000000000_CAB_1990_1990  |7 0  |8 A  |9 456326  |a BIBEDU  |b BIBEDU  |c ES_NOD  |d 2019-11-22  |i 4974476  |o 418 CAB 1990 1990  |p 4974476  |r 2023-08-09  |w 2019-11-22  |y BK  |k LIT